Culture pas trop générale (2 : cinéma) - Statistiques

Statistiques générales
  • Ce quiz a été pris 430 fois
  • Le résultat moyen est 7 sur 20
Statistiques - réponses
Questions Réponse % Correct
Citez l'un des 3 films à détenir le record du nombre d'oscar du cinéma ? Le Seigneur des Anneaux : le Retour du Roi / Titanic / Ben-Hur
92%
Quel réalisateur a réalisé 3 des 4 films les plus lucratifs de tous les temps ? James Cameron
72%
Quel terme est parfois utilisé pour décrire de manière péjorative les westerns italiens ? Western Spaghetti
52%
Quelle actrice française a été nominée 2 fois à l'Oscar de la meilleure actrice, en 2008 et en 2015 ? Marion Cotillard
51%
A quel acteur très présent dans les films de Scorcese, DiCaprio a-t'il été comparé à ses débuts, lorsque lui aussi collaborer souvent avec Scorcese ? Robert De Niro
44%
Quelle adaptation d'une bande-dessinée sortie en 1963 a finit au premier rang du box-office français en 2002, et comptabilise aujourd'hui plus de 14 millions d'entrée ? Astérix et Obélix : Mission Cléopâtre
38%
Comment nomme-t-on la série de film d'une ampleur inédite tournant autour de l'adaptation de Comics de Super-héros ? Marvel Cinematic Universe
34%
Quel comédie musicale des années 60 a battu tous les records selon Claude François dans "cette année-là" ? West Side Story
34%
Quel compositeur légendaire a composé les bandes originales de nombreuses sagas de films, comme Harry Potter, Star Wars ou encore Jurassic Park ? John Williams
33%
Quel film sorti le 1er mai 2024 a rapidement battu tous les records du box-office français ? Un p'tit truc en plus
32%
Quel acteur interprétant ce personnage est le plus vieil acteur ayant reçu l'Oscar du meilleur acteur (83 ans) en 2021 ? Anthony Hopkins
29%
Quel tueur en série est considéré comme le plus grand méchant du cinéma par l'American Institute Film ? Hannibal Lecter
28%
Quel film du réalisateur des films Le Parrain a failli pousser ce dernier au suicide durant le tournage ? Apocalypse Now
27%
De quel film est tiré l'album de Whitney Houston étant le 4e album le plus vendu de l'histoire ? The Bodyguard
26%
Quel est le seul acteur a avoir reçu 3 fois l'Oscar du meilleur acteur ? Daniel Day-Lewis
24%
Quelle société de production a un emblème rappelant la statue de la liberté ? Columbia Pictures
23%
Quel chanteur de renommée mondiale peut-on retrouver dans le film Le Prestige de Cristopher Nolan ? David Bowie
14%
Quel film d'un réalisateur franco-américain a connu un gros flop aux US, mais a fait plus d'1,5 millions d'entrées en France ? Babylon
11%
De retour à la fac, quel film Spielberg a-t'il présenté comme film de fin d'étude qui lui permettra d'obtenir son diplôme ? La Liste de Schindler
10%
Qui est la première femme à avoir reçu l'oscar de la meilleure réalisation pour son film Démineurs en 2010 ? Kathryn Bigelow
8%
Aucun quiz correspondant
Distribution des résultats
% des personnes avec chaque résultat
Percentile par nombre de réponses
Votre historique - résultats
Vous n’avez pas pris ce quiz